| 000 | 01306nam0a2200349 4500 | ||
|---|---|---|---|
| 001 | RU\NLR\BIBL_A\022591212 | ||
| 005 | 20260420051310.0 | ||
| 010 |
_a978-5-00246-311-4 _9100 |
||
| 021 |
_aRU _bКН-П-25-029402 _9КН-П-25-2901 |
||
| 035 | _a(NLR Aleph) 022591212 | ||
| 090 |
_a13679425 _c13679425 |
||
| 100 | _a20250725d2025 u y0rusy50 ca | ||
| 101 | 0 | _arus | |
| 102 | _aRU | ||
| 105 | _aachbz 000ay | ||
| 181 | 0 |
_ai3 _baxxe |
|
| 182 | 0 | _an | |
| 200 | 1 |
_aРыцарь и Цыган _fBarbara Vido _g[художники: Ана Награни и др.] |
|
| 203 |
_aТекст _bвизуальный _cнепосредственный |
||
| 210 |
_aМосква _cУ Никитских ворот _d2025 |
||
| 215 |
_a182, [1] с. _cил., цв. ил., портр., факс., карт. _d21 |
||
| 300 | _aНа обороте тит. с. авт.: Barbara Vido - писатель-музыкант | ||
| 320 | _aБиблиогр.: с. 182 | ||
| 333 | _a16+ | ||
| 686 | 2 | _aШ6(2=Р)8-445 | |
| 700 | 1 |
_7ba _8rus _aVido _bB. _f1998- _gBarbara _92678561 _3RU\NLR\AUTH\770284748 |
|
| 702 | 1 |
_4040 _7ca _8rus _aНаграни _bА. _f1996- _gАна _9256755 _3RU\NLR\AUTH\770256811 |
|
| 942 | _cBOOK | ||
| 980 | _aNB | ||